000 01017nam a2200313 a 4500
001 000013124
003 DO-SdBNP
005 20171002095646.0
007 000013124
008 091120s2004 ck 001 0 spa d
020 _a9945110012
040 _aBPMSU
_bspa
_cBPMSU
082 4 _2
_aRD863.44
_bU75o
100 1 _aUreña Rib, Fernando,
_d1951-
245 1 3 _aEl olor de las yeguas /
_cFernando Ureña Rib;edición Ruth Herrera, José M. Fernández Pequeño.
260 _aSanto Domingo :
_bPunto de Lectura,
_c2004.
300 _a116 p. ;
_c18 cm.
490 _aPunto de lectura
_v559
500 _aIncluye datos biográficos del autor en la página 115
650 4 _aCUENTOS DOMINICANOS
650 4 _aLITERATURA DOMINICANA
700 1 2 _aHerrera, Ruth
_eed.
700 1 2 _aFernández Pequeño, José M.
_eed.
830 _pPunto de lectura
_v559
910 _aValidado. Control de calidad MFF
942 _2ddc
_cBK
945 _aInventariado / 2017 VM
956 _aVMATEO
_b10
_c20150512
_lBPMSU
_h00151
999 _c7863
_d7863